علم الأحياء الدقيقة (البكتيريا و الطفيليات) : الجزء الثاني الطبي و التشخيصي / (رقم التسجيلة. 9699)

تفاصيل مارك
000 -LEADER
fixed length control field 00767nam a22002057a 4500
005 - DATE AND TIME OF LATEST TRANSACTION
control field 20251108164334.0
008 - FIXED-LENGTH DATA ELEMENTS--GENERAL INFORMATION
fixed length control field 250721s2009 xx 000 0 ara d
082 14 - DEWEY DECIMAL CLASSIFICATION NUMBER
Classification number 576/مشن
100 1# - MAIN ENTRY--PERSONAL NAME
Personal name المشني، يوسف
Relator term مؤلف
245 10 - TITLE STATEMENT
Title علم الأحياء الدقيقة (البكتيريا و الطفيليات) : الجزء الثاني الطبي و التشخيصي /
250 ## - EDITION STATEMENT
Edition statement ط.4.مزيدة و منقحة
264 1# - PRODUCTION, PUBLICATION, DISTRIBUTION, MANUFACTURE, AND COPYRIGHT NOTICE
Place of production, publication, distribution, manufacture عمان :
Name of producer, publisher, distributor, manufacturer المكتب الإسلامي،
Date of production, publication, distribution, manufacture, or copyright notice 2009.
300 ## - PHYSICAL DESCRIPTION
Extent 536 ص.
650 17 - SUBJECT ADDED ENTRY--TOPICAL TERM
Topical term or geographic name as entry element علم الاحياا الدقيقه
650 17 - SUBJECT ADDED ENTRY--TOPICAL TERM
Topical term or geographic name as entry element علم احياا الكاانات الدقيقه التشخيصي
650 17 - SUBJECT ADDED ENTRY--TOPICAL TERM
Topical term or geographic name as entry element علم الطفيليات
650 17 - SUBJECT ADDED ENTRY--TOPICAL TERM
Topical term or geographic name as entry element علوم الحياه
942 ## - ADDED ENTRY ELEMENTS (KOHA)
Source of classification or shelving scheme Dewey Decimal Classification
Koha item type كتب
المقتنيات
حالة السحب حالة الفقدان مصدر التصنيف حالة التلف غير قابل للإعارة المكتبة الرئيسية المكتبة الحالية موقع الرف تاريخ التزويد الرقم المتسلسل Total Checkouts رقم الإستدعاء تاريخ آخر ظهور تاريخ الفاتورة نوع المادة (كوها) الباركود
    Dewey Decimal Classification     المكتبة المركزية المكتبة المركزية مقتنيات قسم التزويد 28/07/2025 1267760   576/مشن 28/07/2025 28/07/2025 كتب  
    Dewey Decimal Classification     المكتبة المركزية المكتبة المركزية مقتنيات قسم التزويد 28/07/2025 1267761   576/مشن 28/07/2025 28/07/2025 كتب  
    Dewey Decimal Classification     المكتبة المركزية المكتبة المركزية مقتنيات قسم التزويد 28/07/2025 1267762   576/مشن 28/07/2025 28/07/2025 كتب  
    Dewey Decimal Classification     المكتبة المركزية المكتبة المركزية مقتنيات قسم التزويد 28/07/2025 1267763   576/مشن 28/07/2025 28/07/2025 كتب  
    Dewey Decimal Classification     المكتبة المركزية المكتبة المركزية مقتنيات قسم التزويد 28/07/2025 1267764   576/مشن 28/07/2025 28/07/2025 كتب  
    Dewey Decimal Classification     المكتبة المركزية المكتبة المركزية مقتنيات قسم التزويد 28/07/2025 1267765   576/مشن 28/07/2025 28/07/2025 كتب  
    Dewey Decimal Classification     المكتبة المركزية المكتبة المركزية مقتنيات قسم التزويد 28/07/2025 1267766   576/مشن 28/07/2025 28/07/2025 كتب  
    Dewey Decimal Classification     مكتبة أبو علندا العامة مكتبة أبو علندا العامة الإعارة 17/03/2009 1267767   576/مشن 28/07/2025 17/03/2009 كتب PLD00078927
    Dewey Decimal Classification     مكتبة أم قصير والمقابلين العامة مكتبة أم قصير والمقابلين العامة الإعارة 17/03/2009 1267774   576/مشن 28/07/2025 17/03/2009 كتب PLD00078934
    Dewey Decimal Classification     مكتبة الأميرة ايمان العامة مكتبة الأميرة ايمان العامة الإعارة 17/03/2009 1267768   576/مشن 28/07/2025 17/03/2009 كتب PLD00078928
    Dewey Decimal Classification     مكتبة الاميرة بديعة مكتبة الاميرة بديعة الإعارة 17/03/2009 1267769   576/مشن 28/07/2025 17/03/2009 كتب PLD00078929
    Dewey Decimal Classification     مكتبة الجويدة مكتبة الجويدة الإعارة 17/03/2009 1267770   576/مشن 28/07/2025 17/03/2009 كتب PLD00078930
    Dewey Decimal Classification     مكتبة النصر العامة مكتبة النصر العامة الإعارة 17/03/2009 1267772   576/مشن 28/07/2025 17/03/2009 كتب PLD00078932
    Dewey Decimal Classification     مكتبة مرج الحمام مكتبة مرج الحمام الإعارة 17/03/2009 1267778   576/مشن 28/07/2025 17/03/2009 كتب PLD00078938
    Dewey Decimal Classification     مكتبة وادي السير العامة مكتبة وادي السير العامة الإعارة 17/03/2009 1267780   576/مشن 28/07/2025 17/03/2009 كتب PLD00078940
Implemented & Customized by: BBB with SCIT (Smart Chains for Information Technology)

Powered by Koha